Studi in onore di Umberto Belviso Volumen I

Bibliographic Details
Format: eBook
Language:Italian
Published: Bari : Cacucci Editore, 2011
Subjects:
Online Access:http://www.vlex.com/source/6793

MARC

LEADER 00000nam a22000007a 4500
005 20130212184901.0
007 cr|||| ||||
008 130212e2011 it |||||s|||| 00||0 ita d
020 |a 8866110469 
035 |a 6793 
040 |a vLex 
090 |c 3626  |d 3626 
245 0 0 |a Studi in onore di Umberto Belviso  |h [Recurso electrn̤ico]  |b Volumen I 
256 |a Servicio en ln̕ea 
260 |a Bari :  |b Cacucci Editore,  |c 2011 
300 |a 1 Recurso electrn̤ico 
650 0 4 |a Derecho  |z Italia 
740 |a vLex Libros (Servicio en ln̕ea) 
856 |a Acceso restringido  |u http://www.vlex.com/source/6793 
942 |c BOOK 
999 0 |a Law